Hepimiz aynı belediye otobüsündeyiz: (Record no. 15108)

MARC details
000 -BAŞLIK
Sabit Uzunlukta Kontrol Alanı 01125nam a22002777a 4500
999 ## - SİSTEM KONTROL NUMARALARI (KOHA)
Koha Biblionumber 15108
Koha Biblioitemnumber 15108
003 - KONTROL NUMARASI IDENTIFIER
Denetim Alanı MIRAKIL
005 - SON İŞLEM TARİHİ VE ZAMANI
Denetim Alanı 20221219171800.0
008 - SABİT-BOY VERİ ELEMANLARI - GENEL BİLGİLER
Sabit Uzunlukta Kontrol Alanı 221219b tu ||||| |||| 00| 0 tur d
020 ## - ULUSLARARASI STANDART KİTAP NUMARASI
Uluslararası Standart Kitap Numarası 9786053144908
040 ## - KATALOGLAMA KAYNAK
Orijinal Kataloglama Ajansı TR-AnCHP
Metne Dönüştürmek Ajansı TR-AnCHP
041 ## - DİL KODU
Metin / Ses Parça Veya Ayrı Başlığın Dil Kodu tur
082 ## - DEWEY ONLU SINIFLANDIRMA NUMARASI
Sınıflandırma Numarası 324.2561
Ürün Numarası B27h 2020
100 ## - ANA GİRİŞ - KİŞİSEL İSİM
Kişisel Ad Başsoy, Ateş İlyas
245 10 - BAŞLIK TABLOSU
Başlık Hepimiz aynı belediye otobüsündeyiz:
Başlığın Kalan CHP neden kazandı ? AKP neden kaybetti ? /
Sorumluluk Tablosu, Vb Ateş İlyas Başsoy.
246 ## - UNVAN FORM VARYING
Başlık Doğru / Kısa Başlığı CHP neden kazandı ? AKP neden kaybetti ?
260 ## - YAYIN, DAĞITIM, VB
Yayın, Dağıtım, Vb Yeri İstanbul :
Yayıncı, Dağıtıcı, Vs Adı Ayrıntı Yayınları,
Yayın, Dağıtım, Vb Tarihi 2020.
300 ## - FİZİKSEL TANIM
Kapsam 410 s.:
Diğer Fiziksel Ayrıntıları fotg.; şkl.; grf.;
Boyutlar 21 sm.
490 0# - SERİSİ TABLOSU
Seri Beyanı Ayrıntı Yayınları ;
-- Beyaz Kitaplar Dizisi;
Hacim / Ardışık Tanımı 1465.
-- 30.
610 #0 - KONU KATMA GİRİŞ - TOPLANTI ADI
9 (RLIN) 5196
Giriş Elemanı Olarak Kurumsal Ad Veya Yargı Alanı Adı Cumhuriyet Halk Partisi (CHP)
Genel Alt Bölüm Propaganda ve ideolojiler
610 #0 - KONU KATMA GİRİŞ - TOPLANTI ADI
9 (RLIN) 5570
Giriş Elemanı Olarak Kurumsal Ad Veya Yargı Alanı Adı Adalet ve Kalkınma Partisi (AKP)
Genel Alt Bölüm Propaganda ve ideolojiler
650 #0 - KONU KATMA GİRİŞ - TOPİKAL DÖNEM
Topikal Süreli Veya Coğrafi Ad Giriş Elemanı Siyaset ve yönetim
Genel Alt Bölümü Türkiye
9 (RLIN) 9
650 #0 - KONU KATMA GİRİŞ - TOPİKAL DÖNEM
9 (RLIN) 804
Topikal Süreli Veya Coğrafi Ad Giriş Elemanı Siyasi partiler
Genel Alt Bölümü Cumhuriyet Halk Partisi (CHP)
Coğrafi Alt Bölümü Türkiye
650 #0 - KONU KATMA GİRİŞ - TOPİKAL DÖNEM
9 (RLIN) 804
Topikal Süreli Veya Coğrafi Ad Giriş Elemanı Siyasi partiler
Genel Alt Bölümü Adalet ve Kalkınma Partisi (AKP)
Coğrafi Alt Bölümü Türkiye
650 #0 - KONU KATMA GİRİŞ - TOPİKAL DÖNEM
9 (RLIN) 771
Topikal Süreli Veya Coğrafi Ad Giriş Elemanı Seçimler
Genel Alt Bölümü Türkiye
942 ## - EKLENDİ GİRİŞ ELEMANLARI (KOHA)
Sınıflandırma Veya Raf Düzeni Kaynak Dewey Decimal Classification
Koha Öğesi Türü Books
Holdings
Kalıcı Konum Mevcut Konum Edinme Tarihi Toplam Check-Out'Lar Tam Çağrı Numarası Barkod Tarih Son Görülme Kopya Sayısı İtibaren Geçerli Fiyatlar Koha Öğesi Türü
CHP Kütüphanesi CHP Kütüphanesi 12/19/2022   324.2561 B27h 2020 020673 12/19/2022 C.2 12/19/2022 Books